000 01008nam a22002417a 4500
003 PE SENCICO BE
005 20251020182648.0
008 240105b |||||||| |||| 00| 0 eng d
040 _aPE SENCICO BE
_cPE SENCICO BE
041 _aspa
084 _aI
_aDIS
_a2017
_bV32
100 1 _91837
_aVásquez Rojas, Diana
_eautor
245 1 _aIluminación, luminarias y sistemas especiales :
_bproyecto diseño interior de oficina /
_cDiana Vásquez Rojas
260 _aLima :
_c2017
300 _a89 h. :
_bil. col. diagrs. ;
_c30 cm.
502 _aMonografía de Titulación.-- Servicio Nacional de Capacitación para la Industria de la Construcción. Escuela Superior Técnica. Carrera Profesional Técnica en Diseño de Interiores, 2017
650 1 0 _944
_aDiseño de interiores
650 2 0 _963
_aIluminación
650 2 0 _91838
_aLuminarias
710 1 _aServicio Nacional de Capacitación para la Industria de la Construcción.
_bEscuela Superior Técnica
_91065
910 _bhfp
_chfp
942 _cMON
999 _c4474
_d4474